000
00309nam a2200121Ia 4500
008
241015s9999 xx 000 0 und d
041
_a
eng
082
_a
658.406 CAM
100
_a
Esther Cameron
245
_a
Making Sense Of Change Management
260
_b
Kogen Page
_a
London
_c
2011
300
_a
370;. P. 23 cm
999
_c
41740
_d
41740